LIBRARY & INFORMATION CENTRE, KCAET, TAVANUR

ONLINE PUBLIC ACCESS CATALOGUE (OPAC)

Food and Nutrition (Record no. 14679)

MARC details
000 -LEADER
fixed length control field 00324nam a22001337a 4500
020 ## - INTERNATIONAL STANDARD BOOK NUMBER
ISBN 9788183423007
082 ## - DEWEY DECIMAL CLASSIFICATION NUMBER
Classification number 664
Item number SIN/FO
100 ## - MAIN ENTRY--AUTHOR NAME
Personal name Sinha,Poonam
100 ## - MAIN ENTRY--AUTHOR NAME
Personal name Chopra,Bhavana
245 ## - TITLE STATEMENT
Title Food and Nutrition
260 ## - PUBLICATION, DISTRIBUTION, ETC. (IMPRINT)
Place of publication New Delhi
Name of publisher Crescent Publishing Corporation
Year of publication 2014
300 ## - PHYSICAL DESCRIPTION
Number of Pages 278
942 ## - ADDED ENTRY ELEMENTS (KOHA)
Koha item type Books
Holdings
Withdrawn status Lost status Damaged status Collection code Home library Current library Shelving location Date acquired Source of acquisition Cost, normal purchase price Full call number Accession Number Koha item type
        KAUAET KAUAET General Stacks 27/07/2016 Penta Books Distributors, Calicut. 1100.00 664 SIN/FO 24202 Books
free website counter